Top Ancestry Groups in the US - Statistics

General Stats
  • This quiz has been taken 282 times
  • The average score is 28 of 39
Answer Stats
Population Answer % Correct
31,380,620 English
98%
41,137,168 German
98%
30,655,612 Irish
98%
37,414,772 Mexican
97%
16,009,774 Italian
96%
6,310,548 French
95%
1,626,456 French Canadian
95%
5,465,428 Chinese
93%
2,099,079 Russian
93%
4,946,306 Indian
91%
8,249,491 Polish
90%
3,936,772 Swedish
90%
5,352,344 Scottish
84%
3,019,465 Dutch
82%
1,587,040 Japanese
82%
2,051,572 Korean
82%
3,317,462 Norwegian
80%
1,350,442 Portuguese
80%
47,859,760 Black or African American
79%
1,200,706 Greek
79%
2,301,868 Vietnamese
77%
4,466,918 Filipino
74%
2,435,573 Cuban
73%
1,164,728 Ukrainian
69%
2,237,982 Arab
67%
1,127,518 Danish
60%
1,247,165 Hungarian
59%
1,188,711 Czech
58%
1,451,271 Colombian
57%
1,521,565 Welsh
54%
2,396,784 Dominican
53%
1,138,855 Haitian
50%
1,234,336 Jamaican
45%
5,905,178 Puerto Rican
42%
1,878,599 Guatemalan
40%
2,480,509 Salvadoran
32%
1,219,212 Honduran
31%
2,524,746 Scotch-Irish
31%
1,449,888 Cherokee
18%
No matching quizzes found
Score Distribution
Percent of People with Each Score
Percentile by Number Answered
Your Score History
You have not taken this quiz